Statistics for Countries, US States, Capitals, Elements, 100 Most Common Words: Lowest average letter value (A=1, B=2... Z=26)

Click here to take the quiz!

General Stats

  • This quiz has been taken 132 times
  • The average score is 13 of 34

Answer Stats

Rank#AvgAnswer% Correct
11AA
98%
183F{Ca}n{}
71%
203F+{A}n{d}
70%
22C+Be
67%
54D{C}h{ad}
55%
244F+{A}p{ia}
52%
46D{Ca}n{ada}
52%
87D+{Alaba}m{a}
50%
222F+He
49%
105E+{Acc}r{a}
48%
95E{Dha}k{a}
46%
305G{Ab}u{ja}
43%
217F+{Bahama}s{}
41%
325G{Daka}r{}
41%
264F+{C}u{ba}
40%
710D+{Addi}s{ Ababa}
37%
315G{Chi}n{a}
37%
195F+{Gha}n{a}
37%
144E+{}L{ead}
35%
157E+{Alba}n{ia}
34%
237F+{Caraca}s{}
32%
334G{D}o{ha}
29%
64D+{Bac}k{}
28%
347G{}N{amibia}
22%
168F{Ab}u{Dhabi}
20%
136E+{Ga}m{bia}
20%
2710F+{Madaga}s{car}
20%
37C+{Bag}h{dad}
18%
117E+{Ja}m{aica}
18%
178F{Camb}o{dia}
16%
299F+{I}s{lamabad}
15%
287F+{Icela}n{d}
11%
127E+{Mbaba}n{e}
9%
258F+{Belg}r{ade}
6%

Score Distribution

Percentile by Number Answered

Percent of People with Each Score

Your Score History

You have not taken this quiz